000 00876nam a22003137b 4500
001 02197810
003 DO-SdBNP
005 20180222133831.0
007 02197810
008 980819s1997 sp | ||| ||spa
016 7 _a
_2BPMSU
017 _a
020 _a8420782939
035 _a
040 _aBPMSU
_bspa
_cBPMSU
_e
080 0 _a
100 1 _aFarias, Juan
_d1935-2011
245 1 4 _aLos caminos de la luna /
_h
_cJuan Farias ; ilustraciones de Alicia Cañas Cortázar ; notas de Raquel López
250 _a
260 _aMadrid :
_bAnaya,
_c2001
300 _a116 p. :
_bil. ;
_c20 cm
490 0 _aSopa de libros
_v11
700 _a Alicia Cañas Cortázar
_eil.
700 _aRaquel López
_etr.
830 _aSopa de libros
_v11
942 _2ddc
_cBK
945 _ainventariado, 2018 / dg
956 _a VMATEO
_b10
_c20160420
_dBPMSU
_f0069
999 _c9870
_d9870